| 000 | 00385nam a2200133Ia 4500 | ||
|---|---|---|---|
| 008 | 220217s9999||||xx |||||||||||||| ||und|| | ||
| 020 | _a0-07-048708-1 | ||
| 082 | _a005.73 COL | ||
| 100 | _aCollins, William, J | ||
| 245 | 0 | _aData structures and standerd template library | |
| 260 |
_aTata mcgraw hill _bNew Delhi _c2003 |
||
| 300 | _b295 | ||
| 650 |
_aDATA FILES & DATABASE _9695 |
||
| 999 |
_c172175 _d172175 |
||